01336cam a22003614i 4500003000900000005001700009008004100026020001500067035002700082040003300109082001700142100003800159245004000197264004900237300003800286336002100324337002500345338002300370504003900393505041400432526001000846526001000856526001000866526001000876526000800886526000800894526000800902526000800910526000800918526000800926526000800934650003200942PE-LiUPU20250731173521.0150616s r 000 0 d a0664246931 a(Sirsi) i9780664246938 aPE-LiUPUbspacPE-LiUPUerda04a264bA742211 aArmstrong, Richard Stall,eautor.14aThe Pastor - Evangelist in Worship. 1aPhiladelphia :bThe Wetminster Press,c1986. a216 páginas ;c20 centímetros atext2rdacontent aunmediated2rdamedia avolume2rdacarrier aBibliografía: páginas 203-208.0 aThe Pastor-Evangelist as Worship Leader.- Preliminary Considerations.- The Sunday Worship Service.- The Sacraments.- Weddings.- funerals.- Ordination and Installation Services.- Preparing the Preacher.- Planning the Preaching.- Preaching the Sermon.- Presenting the Gospel.- Prizing the Pulpit.- The Integrity of Evangelism.- Evaluating Your Church Bulletin.- Scriptural Reflections (Childs Memorial Service). aSEG42 aSEG41 aSEG40 aSEG39 aP94 aP87 aP86 aP85 aP77 aP76 aP3504aCULTO Y ADORACION PUBLICOS.